000 00453nam a2200181Ia 4500
001 2709
005 20260306144827.0
008 260306t2004||||xx |||||||||||||| ||spa||
041 _aESP
082 _a214
_bG69
100 _aGonzález, Ángel Luis
_eAUT
245 0 _aLas demostraciones de la existencia de Dios según Leibniz
260 _c2004
300 _a371 páginas :
_c24 cm.
650 _aGEN
654 _aCHU
942 _cLIB
_dJUS
_fJUS
_2ddc
_n
999 _c2709
_d2709